000 00611nam a2200241Ia 4500
003 OSt
005 20221006164308.0
006 a|||||r|||| 00| 0
007 ta
008 221006b |||||||| |||| 00| 0 hin d
024 _a4,053
037 _cTextual
040 _aFML
_cFML
_bhin
041 _2hin
_ahin
082 _aO:g(NR), Q4
100 _aGarg Mukesh Au.
_9677080
245 0 _aSahitya Aur Sangeet
260 _aNew Delhi
_bVaani Prakashan India
_c2014
300 _a527
_ccm.
490 _v01
942 _hO:g(NR), Q4
_cTEXL
_2CC
999 _c1116776
_d1116776